International Construction Law Review (Record no. 118602)

MARC details
000 -LEADER
fixed length control field 00491cas a2200193aa 4500
001 - CONTROL NUMBER
control field ##L98966
008 - FIXED-LENGTH DATA ELEMENTS--GENERAL INFORMATION
fixed length control field 070612c1983 xxkqr p 0 a0eng
022 0# - INTERNATIONAL STANDARD SERIAL NUMBER
International Standard Serial Number 0265-1416
035 ## - SYSTEM CONTROL NUMBER
System control number (Sirsi) u98966
041 0# - LANGUAGE CODE
Language code of text/sound track or separate title eng
245 00 - TITLE STATEMENT
Title International Construction Law Review
260 ## - PUBLICATION, DISTRIBUTION, ETC.
Place of publication, distribution, etc. London
Name of publisher, distributor, etc. Lloyd's of London Press
Date of publication, distribution, etc. 1983-
362 ## - DATES OF PUBLICATION AND/OR SEQUENTIAL DESIGNATION
Dates of publication and/or sequential designation 1(2) January 1984-
554 ## -
-- Four per year
651 #4 - SUBJECT ADDED ENTRY--GEOGRAPHIC NAME
Geographic name INTERNATIONAL
690 ## - LOCAL SUBJECT ADDED ENTRY--TOPICAL TERM (OCLC, RLIN)
Topical term or geographic name as entry element BUILT ENVIRONMENT
942 ## - ADDED ENTRY ELEMENTS (KOHA)
Suppress in OPAC 0
948 ## - LOCAL PROCESSING INFORMATION (OCLC); SERIES PART DESIGNATOR (RLIN)
c (OCLC) 20/01/1995
Holdings
Withdrawn status Lost status Source of classification or shelving scheme Damaged status Not for loan Home library Current library Shelving location Date acquired Total Checkouts Full call number Barcode Date last seen Copy number Price effective from Koha item type
    Dewey Decimal Classification     London London Gallery 21/04/2004   INTERNATIONAL CONSTRUCTION LAW REVIEW 98966-1001 06/08/2019 1 06/08/2019 Law report